[Event "Druzynowe Mistrzostwa Polski Juniorow - I Liga Juniorow 2019"]
[Site "Ustron"]
[Date "1899-12-30"]
[Round "8.13"]
[White "Skurniak, Szymon"]
[Black "Szpar, Milosz"]
[Result "0-1"]
[WhiteTitle "I+"]
[BlackTitle "FM"]
[WhiteElo "2066"]
[BlackElo "2289"]

1. e4 c5 2. f4 d5 3. exd5 Nf6 4. Nf3 Nxd5 5. Nc3 Nc6 6. Bb5 Nxf4 7. d4 Nd5 8. Ne5
Nxc3 9. bxc3 Bd7 10. Nxd7 Qxd7 11. O-O e6 12. Qf3 Bd6 13. Ba3 O-O 14. dxc5 Be7
15. Rad1 Qc7 16. Bxc6 bxc6 17. Qf4 Qxf4 18. Rxf4 Rfd8 19. Rfd4 Kf8 20. Rb1 Rdb8
21. Rxb8+ Rxb8 22. Rd7 Rb5 23. Rxa7 Bxc5+ 24. Bxc5+ Rxc5 25. Ra3 Rb5 26. Rb3 Rd5
27. Rb6 Ra5 28. Rxc6 Rxa2 29. Rc7 Rxc2 30. h4 h5 31. Kh2 g6 32. Kg3 Kg7 33. Kf3
Kf6 34. g3 e5 35. Ke4 Re2+ 36. Kf3 Rd2 37. Ke3 Rg2 38. Kf3 Rd2 39. Ke3 Rd6 40.
c4 Ke6 41. Rc8 Rd4 42. Rc7 Rg4 43. Kf3 e4+ 44. Kf2 e3+ 45. Kxe3 Rxg3+ 46. Kd4
Rg4+ 47. Kc5 Rxh4 48. Kb6 Rh2 49. c5 Rb2+ 50. Kc6 h4 51. Rc8 h3 52. Re8+ Kf5 53.
Kd6 Rd2+ 0-1

[Event "Druzynowe Mistrzostwa Polski Juniorow - I Liga Juniorow 2019"]
[Site "Ustron"]
[Date "1899-12-30"]
[Round "8.14"]
[White "Redzisz, Michal"]
[Black "Dixa, Oskar"]
[Result "1/2-1/2"]
[WhiteTitle "k"]
[BlackTitle "k"]
[WhiteElo "2054"]
[BlackElo "2019"]

1. d4 Nf6 2. c4 e6 3. Nf3 b6 4. g3 Bb7 5. Bg2 d5 6. Nbd2 Be7 7. O-O O-O 8. b3 Nbd7
9. Bb2 dxc4 10. Nxc4 c5 11. Rc1 Rc8 12. dxc5 Nxc5 13. Bxf6 Bxf6 14. Nd6 Rc7 15.
b4 Bxf3 16. Bxf3 Na6 17. Rxc7 Nxc7 18. Ne4 Be7 19. Qa4 Nd5 20. Qxa7 Bxb4 21. a3
Ba5 22. Rd1 f5 23. Nc5 bxc5 24. Bxd5 exd5 25. Qxc5 Bb6 26. Qb5 f4 27. Rxd5 Qc7
28. Rf5 Rxf5 29. Qxf5 Qc1+ 30. Kg2 Qc6+ 31. Kg1 fxg3 32. hxg3 g6 33. Qf4 Qc7 34.
Qg4 Kg7 35. e3 h5 36. Qe4 Kh6 37. Kg2 Qd6 38. Qa8 Kg5 39. Qe4 Bc7 40. a4 Qc5 41.
a5 Qxa5 42. Qe7+ Kh6 43. Qf8+ 1/2-1/2

[Event "Druzynowe Mistrzostwa Polski Juniorow - I Liga Juniorow 2019"]
[Site "Ustron"]
[Date "1899-12-30"]
[Round "8.15"]
[White "Ochedzan, Tymon"]
[Black "Poltorak, Sebastian"]
[Result "1-0"]
[WhiteTitle "CM"]
[BlackTitle "I++"]
[WhiteElo "2064"]
[BlackElo "2068"]

1. e4 c5 2. Nf3 Nc6 3. d4 cxd4 4. Nxd4 Nf6 5. Nc3 e5 6. Ndb5 d6 7. Bg5 a6 8. Na3
b5 9. Nd5 Be7 10. Bxf6 Bxf6 11. c3 O-O 12. Nc2 Rb8 13. h4 g6 14. g3 Be6 15. Bg2
Rc8 16. O-O Bg7 17. a4 Bxd5 18. Qxd5 Ne7 19. Qd3 f5 20. Rfd1 Rf6 21. axb5 fxe4
22. Bxe4 axb5 23. Qxb5 Kh8 24. Ne3 Nf5 25. Nd5 Rf8 26. Qe2 Ne7 27. Ra6 Nf5 28.
Ne3 Nxe3 29. Rdxd6 Qc7 30. Qxe3 Rfd8 31. Rxd8+ Rxd8 32. Qb6 Qd7 33. Qxd8+ Qxd8
34. Ra8 Qxa8 35. Bxa8 Kg8 36. Kg2 Kf7 37. Kf3 Ke6 38. Ke4 Bf6 39. Bd5+ Ke7 40.
f3 h6 41. c4 Kd6 42. b4 g5 43. hxg5 Bxg5 44. c5+ Kc7 45. b5 Be7 46. b6+ 1-0

[Event "Druzynowe Mistrzostwa Polski Juniorow - I Liga Juniorow 2019"]
[Site "Ustron"]
[Date "1899-12-30"]
[Round "8.16"]
[White "Meers, Hubert"]
[Black "Jedraszek, Pawel"]
[Result "1-0"]
[WhiteTitle "I++"]
[BlackTitle "I"]
[WhiteElo "2072"]
[BlackElo "1807"]

1. e4 c5 2. Nf3 d6 3. d4 cxd4 4. Nxd4 Nf6 5. Nc3 a6 6. h4 b5 7. a4 b4 8. Nd5 Bb7
9. Bc4 e6 10. Nxf6+ gxf6 11. Qh5 Bxe4 12. Bxe6 Ra7 13. Bh3 Re7 14. O-O Re5 15.
Qg4 f5 16. Qg3 Be7 17. Bf4 Bxh4 18. Qb3 Rc5 19. Qxb4 a5 20. Qd2 Nc6 21. f3 Nxd4
22. Qxd4 Bf6 23. Qe3 Bxb2 24. Rad1 Rc3 25. Qe1 Qb6+ 26. Kh1 Qb7 27. Bxf5 O-O 28.
Bxe4 Qa7 29. Rxd6 f6 30. Bh6 Rc5 31. Bd5+ Rxd5 32. Rxd5 Qf7 33. Qg3+ Kh8 34. Bxf8
Qxf8 35. Rfd1 Qh6+ 36. Kg1 Ba3 37. Rd8+ Bf8 38. Rxf8+ Qxf8 39. Qc7 h5 40. Rd8
1-0

[Event "Druzynowe Mistrzostwa Polski Juniorow - I Liga Juniorow 2019"]
[Site "Ustron"]
[Date "1899-12-30"]
[Round "8.17"]
[White "Wawrzyniak, Weronika"]
[Black "Leczek, Weronika"]
[Result "0-1"]
[WhiteTitle "I"]
[BlackTitle "k"]
[WhiteElo "1493"]
[BlackElo "1806"]

1. d4 f5 2. c4 Nf6 3. Nc3 e6 4. Nf3 Be7 5. g3 O-O 6. Bg2 d6 7. O-O Ne4 8. Qc2 Nxc3
9. Qxc3 a5 10. b3 Nc6 11. Bb2 Bf6 12. Qd2 Qe8 13. e3 e5 14. dxe5 dxe5 15. Rfd1
Be6 16. Qe2 g5 17. Rd2 g4 18. Ne1 e4 19. Bxf6 Rxf6 20. h4 Ne5 21. Rad1 Qe7 22.
Rd4 c5 23. R4d2 Rh6 24. Rc2 Bf7 25. Rcd2 Kh8 26. Nc2 Nf3+ 27. Kf1 Nxd2+ 28. Qxd2
Raa6 29. Ke1 Rhd6 30. Qc3+ Kg8 31. Bf1 Rxd1+ 32. Kxd1 Qd6+ 33. Kc1 Ra8 34. Be2
a4 35. Kb2 axb3 36. Qxb3 b5 0-1

[Event "Druzynowe Mistrzostwa Polski Juniorow - I Liga Juniorow 2019"]
[Site "Ustron"]
[Date "1899-12-30"]
[Round "8.18"]
[White "Slusarczyk, Milena"]
[Black "Barwinska, Ewa"]
[Result "1/2-1/2"]
[WhiteTitle "I+"]
[BlackTitle "I++"]
[WhiteElo "1522"]
[BlackElo "1724"]

1. d4 d5 2. c4 e6 3. Nc3 Nf6 4. cxd5 exd5 5. Bg5 Nbd7 6. Nxd5 Nxd5 7. Bxd8 Bb4+
8. Qd2 Bxd2+ 9. Kxd2 Kxd8 10. e4 N5f6 11. f3 c6 12. Bc4 Ke7 13. Ne2 Nb6 14. Bb3
Be6 15. Bxe6 Kxe6 16. Nf4+ Ke7 17. b3 Rhd8 18. Ke3 Rd7 19. g4 h6 20. h4 g5 21.
hxg5 hxg5 22. Ne2 Rdd8 23. Rh6 Rh8 24. Rah1 Rxh6 25. Rxh6 a5 26. Ng3 Ne8 27. Nf5+
Kd7 28. Rh7 Ke6 29. Rh6+ Kd7 30. Rh7 Ke6 31. Rh6+ Kd7 32. Rh7 1/2-1/2

[Event "Druzynowe Mistrzostwa Polski Juniorow - I Liga Juniorow 2019"]
[Site "Ustron"]
[Date "1899-12-30"]
[Round "8.19"]
[White "Warchol, Bartosz"]
[Black "Lis, Mateusz"]
[Result "0-1"]
[WhiteTitle "I++"]
[BlackTitle "k"]
[WhiteElo "1992"]
[BlackElo "2032"]

1. d4 f5 2. Bg5 g6 3. Nf3 Bg7 4. h4 h6 5. Bf4 d6 6. Nc3 Nf6 7. e3 Be6 8. Bd3 Nbd7
9. Qd2 Bf7 10. O-O-O c5 11. Rhe1 c4 12. Bf1 Rc8 13. Qe2 Ne4 14. Nxe4 fxe4 15.
Nd2 c3 16. Nb3 cxb2+ 17. Kxb2 a6 18. f3 Nb6 19. fxe4 Na4+ 20. Ka1 Nc3 21. Qd3
Qd7 22. Rb1 e5 23. dxe5 Qa4 24. Rb2 dxe5 25. Bh2 O-O 26. Qd2 Nxe4 27. Qc1 Bxb3
28. Rxb3 Nc5 29. Ra3 Qxh4 30. Bg1 e4+ 31. Kb1 Qf6 32. c3 b5 33. Be2 b4 34. Ra5
Qb6 35. Bc4+ Kh7 36. Rxc5 Rxc5 37. Bb3 Rxc3 38. Qd2 Qf6 39. Rd1 Rxb3+ 40. axb3
Qa1+ 41. Kc2 Qb2# 0-1

[Event "Druzynowe Mistrzostwa Polski Juniorow - I Liga Juniorow 2019"]
[Site "Ustron"]
[Date "1899-12-30"]
[Round "8.20"]
[White "Bachor, Tomasz"]
[Black "Dylag, Emilia"]
[Result "1/2-1/2"]
[WhiteTitle "I+"]
[BlackTitle "k+"]
[WhiteElo "2038"]
[BlackElo "2099"]

1. d4 c5 2. d5 d6 3. c4 g6 4. e4 Bg7 5. Nc3 e6 6. h3 Ne7 7. Bd3 O-O 8. Nf3 exd5
9. cxd5 a6 10. a4 Nd7 11. Bf4 Qb6 12. Qd2 f5 13. O-O fxe4 14. Bxe4 Nf6 15. Bb1
Bd7 16. Re1 Rae8 17. Ng5 Nh5 18. Be3 Be5 19. g3 Qb4 20. Kg2 Ng7 21. f4 Bd4 22.
Bxd4 cxd4 23. Nce4 Qxd2+ 24. Nxd2 Nxd5 25. Ba2 Bc6 26. Ndf3 h6 27. Ne4 Kh7 28.
Nxd6 Rd8 29. Nc4 Nf5 30. Kf2 Nb4 31. Bb1 d3 32. Nfe5 Rd4 33. Ne3 Nd6 34. Nxc6
bxc6 35. Rd1 Re8 36. Ra3 Ne4+ 37. Kf3 Nc5 38. Rd2 Kg7 39. g4 Rde4 40. Ng2 a5 41.
h4 Kf6 42. g5+ hxg5 43. hxg5+ Kg7 44. Rf2 Rc4 45. Rc3 Rxc3 46. bxc3 Nd5 47. Rd2
Nxc3 48. Bxd3 Rd8 49. Ke3 Nd5+ 50. Ke2 Nxa4 51. Bc4 Nac3+ 52. Kf3 Re8 53. Rc2
Ne4 54. Bxd5 cxd5 55. Rc7+ Kg8 56. Ne3 Nd2+ 57. Kf2 d4 58. Ng4 Ne4+ 59. Kf3 d3
60. Nh6+ 1/2-1/2

[Event "Druzynowe Mistrzostwa Polski Juniorow - I Liga Juniorow 2019"]
[Site "Ustron"]
[Date "1899-12-30"]
[Round "8.21"]
[White "Wasik, Mateusz"]
[Black "Karwacki, Piotr"]
[Result "0-1"]
[WhiteTitle "I"]
[BlackTitle "I"]
[WhiteElo "1847"]
[BlackElo "1780"]

1. e4 c5 2. Nf3 Nc6 3. Nc3 Nf6 4. d4 cxd4 5. Nxd4 e5 6. Ndb5 d6 7. Bg5 a6 8. Na3
b5 9. Nd5 Be7 10. Bxf6 Bxf6 11. c4 b4 12. Nc2 a5 13. g3 O-O 14. Bg2 Bg5 15. O-O
Rb8 16. Qd3 Be6 17. Rad1 Bxd5 18. Qxd5 Qb6 19. b3 Rfd8 20. Kh1 Rbc8 21. Qd3 a4
22. h4 axb3 23. axb3 Bh6 24. Ra1 Ra8 25. Qd5 Ra5 26. Rxa5 Nxa5 27. Qd3 Nb7 28.
f4 Nc5 29. Qf3 exf4 30. gxf4 Ne6 31. Qg3 Qc5 32. Ne3 Bxf4 33. Rxf4 Nxf4 34. Qxf4
Ra8 35. Qg3 Ra1+ 36. Kh2 Rb1 37. Nf5 Qe5 38. Nxd6 Qxg3+ 39. Kxg3 Rxb3+ 40. Kf4
Rb2 41. Bf3 b3 42. e5 Rf2 43. Nb5 b2 44. Na3 Rf1 45. Ke3 Ra1 46. Kd2 Rxa3 47.
Be4 Ra1 48. c5 b1=Q 49. Bxb1 Rxb1 50. c6 Rb6 0-1

[Event "Druzynowe Mistrzostwa Polski Juniorow - I Liga Juniorow 2019"]
[Site "Ustron"]
[Date "1899-12-30"]
[Round "8.22"]
[White "Furgal, Grzegorz"]
[Black "Jozefczyk, Szymon"]
[Result "1/2-1/2"]
[WhiteTitle "II"]
[BlackTitle "II"]
[WhiteElo "1456"]
[BlackElo "1714"]

1. e4 c5 2. c3 Nf6 3. e5 Nd5 4. d4 cxd4 5. Nf3 Nc6 6. cxd4 d6 7. Bc4 dxe5 8. dxe5
e6 9. O-O Bb4 10. Bd2 O-O 11. Bxb4 Ndxb4 12. Qxd8 Rxd8 13. Nc3 b6 14. Rad1 Ba6
15. Bxa6 Nxa6 16. Nb5 Rxd1 17. Rxd1 Nc5 18. Kf1 Kf8 19. Ke2 Ke7 20. Ke3 Nb4 21.
Ne1 Nd5+ 22. Kf3 a6 23. Nd4 Rc8 24. Rc1 Kd7 25. Ne2 f6 26. exf6 gxf6 27. Nf4 Nxf4
28. Kxf4 Rc6 29. Ke3 Rd6 30. Rc4 Rd5 31. Rd4 Kd6 32. Nc2 e5 33. Rxd5+ Kxd5 34.
b3 a5 35. f3 Ne6 36. g3 h6 37. Kd3 Nc5+ 38. Ke3 f5 39. Ne1 a4 40. b4 Na6 41. a3
Nc7 42. Kd3 Nb5 43. Nc2 e4+ 44. fxe4+ fxe4+ 45. Ke3 Nd6 46. g4 Nc4+ 47. Ke2 Ke5
48. h4 Kf4 49. g5 hxg5 50. hxg5 Kxg5 51. Nd4 Kf4 52. Nb5 Ke5 53. Nc3 Nxa3 54.
Nxa4 b5 55. Nc5 Nc2 56. Na6 Kd4 57. Nc7 Kc4 58. Nxb5 Kxb5 59. Kd2 Kxb4 60. Kxc2
Kc4 61. Kd2 Kd4 62. Ke2 Ke5 63. Ke3 Kf5 64. Ke2 Kf4 65. Kf2 e3+ 66. Ke2 Ke4 67.
Ke1 Kd4 68. Ke2 Ke4 69. Ke1 1/2-1/2

[Event "Druzynowe Mistrzostwa Polski Juniorow - I Liga Juniorow 2019"]
[Site "Ustron"]
[Date "1899-12-30"]
[Round "8.23"]
[White "Pawlak, Emilia"]
[Black "Furtak, Joanna"]
[Result "0-1"]
[WhiteTitle "I"]
[BlackTitle "k"]
[WhiteElo "1636"]
[BlackElo "1879"]

1. e4 c5 2. Nf3 Nc6 3. Bb5 g6 4. O-O Bg7 5. c3 Nf6 6. Re1 O-O 7. d4 cxd4 8. cxd4
a6 9. Ba4 d6 10. h3 Qc7 11. Be3 Nxe4 12. Qc2 d5 13. Ne5 Bd7 14. Bf4 Qa5 15. Nc3
Nxd4 16. Qd3 Bxa4 17. Qxd4 Nxc3 18. bxc3 Rac8 19. Rac1 Bc6 20. Qd2 Qd8 21. Bh6
f6 22. Bxg7 Kxg7 23. Ng4 e5 24. Qh6+ Kh8 25. Qh4 Rc7 26. f4 e4 27. Ne3 f5 28.
Qf2 d4 29. cxd4 Qxd4 30. Red1 Qg7 31. Nc4 Ba4 32. Rd4 b5 0-1

[Event "Druzynowe Mistrzostwa Polski Juniorow - I Liga Juniorow 2019"]
[Site "Ustron"]
[Date "1899-12-30"]
[Round "8.24"]
[White "Mroz, Lena"]
[Black "Szopa, Emilia"]
[Result "1-0"]
[WhiteTitle "I++"]
[BlackTitle "I+"]
[WhiteElo "1570"]
[BlackElo "1415"]

1. e4 c5 2. Nf3 Nc6 3. d4 cxd4 4. Nxd4 Nf6 5. Nc3 e5 6. Ndb5 d6 7. Bg5 a6 8. Na3
b5 9. Nd5 Be7 10. Bxf6 Bxf6 11. c4 b4 12. Nc2 a5 13. Qf3 Bg5 14. h4 Be7 15. g3
Be6 16. Rd1 O-O 17. c5 Bxd5 18. exd5 Nb8 19. Bh3 Nd7 20. c6 Nc5 21. Ne3 g6 22.
h5 e4 23. Qe2 Nd3+ 24. Rxd3 exd3 25. Qxd3 Bf6 26. hxg6 fxg6 27. Be6+ Kg7 28. Nc4
Re8 29. Qd2 Bg5 30. Qd4+ Bf6 31. Qf4 Rxe6+ 32. dxe6 Qe7 33. Qxd6 Re8 34. O-O Qxe6
35. Qxe6 Rxe6 36. c7 Rc6 37. Nd6 Bxb2 38. c8=Q 1-0

[Event "Druzynowe Mistrzostwa Polski Juniorow - I Liga Juniorow 2019"]
[Site "Ustron"]
[Date "1899-12-30"]
[Round "8.25"]
[White "Fiedorek, Michal"]
[Black "Krych, Dominik"]
[Result "1-0"]
[WhiteTitle "k"]
[BlackTitle "III"]
[WhiteElo "2158"]
[BlackElo "1472"]

1. e4 e5 2. Bc4 Bc5 3. Nf3 Nc6 4. O-O Nf6 5. d3 d6 6. c3 Be6 7. Nbd2 O-O 8. h3
a6 9. a4 Ba7 10. Re1 Re8 11. b4 Bxc4 12. Nxc4 d5 13. exd5 Nxd5 14. Qb3 f6 15.
Be3 Kh8 16. b5 Nce7 17. Bxa7 Rxa7 18. bxa6 Rxa6 19. Qxb7 Qa8 20. Qb3 Rb8 21. Qc2
c5 22. Ra3 Nc6 23. a5 h6 24. Rb1 Rxb1+ 25. Qxb1 Qa7 26. Rb3 Nxa5 27. Nxa5 Nxc3
28. Rxc3 Rxa5 29. Qe1 1-0

[Event "Druzynowe Mistrzostwa Polski Juniorow - I Liga Juniorow 2019"]
[Site "Ustron"]
[Date "1899-12-30"]
[Round "8.26"]
[White "Leskiewicz, Ignacy"]
[Black "Hryn, Zofia"]
[Result "1-0"]
[WhiteTitle "k"]
[BlackTitle "I++"]
[WhiteElo "2120"]
[BlackElo "1622"]

1. e4 c5 2. Nf3 d6 3. d4 cxd4 4. Nxd4 Nf6 5. Nc3 a6 6. Be3 e6 7. f3 b5 8. Qd2 Bb7
9. a3 Nbd7 10. g4 Nb6 11. Qf2 Nfd7 12. O-O-O Rc8 13. Qe1 d5 14. exd5 Nxd5 15.
Nxd5 Bxd5 16. Bd3 Qc7 17. Rf1 Nc5 18. Rf2 Be7 19. Kb1 Bh4 20. Qf1 Nxd3 21. Rxd3
Bxf2 22. Qxf2 O-O 23. h4 Rfd8 24. h5 Bc4 25. Rd2 e5 26. Nf5 Rxd2 27. Bxd2 Be6
28. Ne3 h6 29. Bc3 a5 30. Qe1 Ra8 31. Nd1 f6 32. Nf2 b4 33. axb4 axb4 34. Bxb4
Ba2+ 35. Kc1 Bd5 36. Qe3 Qb7 37. Ba3 Bxf3 38. c4 Rd8 39. Bc5 Qa8 40. Kc2 Qa4+
41. Kc3 Bd1 42. Nxd1 Qxd1 43. Bb6 Rb8 44. c5 Qd7 45. Qe4 Qd1 46. b4 Qa1+ 47. Kc4
Qf1+ 48. Kd5 Rxb6 49. cxb6 Qb5+ 50. Kd6 Qxb6+ 51. Ke7 Qc7+ 52. Ke6 Kf8 53. Qa8+
Qd8 54. Qxd8# 1-0

[Event "Druzynowe Mistrzostwa Polski Juniorow - I Liga Juniorow 2019"]
[Site "Ustron"]
[Date "1899-12-30"]
[Round "8.27"]
[White "Wielgus, Wojciech"]
[Black "Klimkowski, Jan"]
[Result "0-1"]
[WhiteTitle "I"]
[BlackTitle "I"]
[WhiteElo "1821"]
[BlackElo "1932"]

1. e4 c5 2. Nf3 d6 3. d4 cxd4 4. Nxd4 Nf6 5. Nc3 a6 6. f4 Qc7 7. Qf3 e6 8. g4 Nc6
9. Nb3 b5 10. g5 Nd7 11. Bd3 Bb7 12. Be3 Nc5 13. Bf2 Nb4 14. Nxc5 dxc5 15. O-O-O
Bd6 16. Bg3 O-O-O 17. Kb1 Nc6 18. Bf1 Nd4 19. Qe3 h5 20. Bh3 h4 21. Bf2 Bxf4 22.
Qe1 b4 23. Bxd4 cxd4 24. Nd5 Bxd5 25. exd5 Rxd5 26. g6 Be3 27. gxf7 Qd6 28. Rf1
Kd7 29. Qe2 Ke7 30. Qg4 Kf8 31. Qxe6 Qxe6 32. Bxe6 Rd6 33. Bc4 Rh5 34. Rfe1 Re5
35. b3 g5 36. h3 Rf6 37. Rf1 Ref5 38. Rxf5 Rxf5 39. Rh1 a5 40. Kb2 Rf2 41. Kb1
Rg2 42. Kb2 Rd2 43. Bd3 Kxf7 44. Rf1+ Bf4 45. Bf5 Kf6 46. Bd3 Rh2 47. Rf3 Rd2
48. a3 Rd1 49. axb4 axb4 50. Rf2 Ke5 51. Re2+ Be3 52. Rg2 Bd2 53. c4 dxc3+ 54.
Ka2 Re1 55. Rg4 Bf4 56. Rg2 Re3 57. Bf1 Rxh3 58. Rxg5+ Bxg5 59. Bxh3 c2 0-1

[Event "Druzynowe Mistrzostwa Polski Juniorow - I Liga Juniorow 2019"]
[Site "Ustron"]
[Date "1899-12-30"]
[Round "8.28"]
[White "Paprocki, Antoni"]
[Black "Warchol, Kamil"]
[Result "1/2-1/2"]
[WhiteTitle "I"]
[BlackTitle "CM"]
[WhiteElo "1704"]
[BlackElo "1639"]

1. e4 e5 2. Nf3 Nc6 3. Bc4 Nf6 4. d3 Bc5 5. c3 d6 6. Bb3 a6 7. O-O O-O 8. Re1 Ba7
9. Nbd2 Be6 10. Nf1 Qd7 11. Ng3 Rfe8 12. Bxe6 fxe6 13. Qe2 d5 14. Be3 Bxe3 15.
Qxe3 Rad8 16. Rad1 Qf7 17. h3 h6 18. b4 Nd7 19. a4 b5 20. a5 Qe7 21. d4 exd4 22.
Nxd4 Nxd4 23. Qxd4 Nf6 24. e5 Nd7 25. Qg4 c5 26. Nh5 Rf8 27. Nf4 Rf5 28. Nxd5
Qf8 29. Nf6+ Nxf6 30. exf6 Rxf6 31. Rxd8 Qxd8 32. Rxe6 cxb4 33. cxb4 Qf8 34. Re2
Qd8 35. Qe4 Qd1+ 36. Kh2 Qd6+ 37. g3 Rf8 38. Kg2 Kh8 39. Rc2 Qf6 40. Rd2 Kg8 41.
Qd5+ Kh8 42. Qe4 Kg8 43. Re2 Kh8 44. Rc2 Kg8 45. Qe3 Kh8 46. Re2 Rf7 47. f4 Qc6+
48. Qe4 Qxe4+ 49. Rxe4 Rc7 50. Re6 Rc4 51. Rxa6 Rxb4 52. Rb6 Rb3 53. a6 Ra3 54.
Rxb5 Rxa6 55. Kf3 Kh7 56. Re5 Kg6 57. g4 Ra1 58. Re6+ Kf7 59. Rb6 Ra3+ 60. Kg2
Rc3 61. g5 hxg5 62. fxg5 Rd3 63. h4 Rc3 64. Rd6 Rb3 65. Rd7+ Kg6 66. h5+ Kxg5
67. Rxg7+ Kxh5 1/2-1/2

[Event "Druzynowe Mistrzostwa Polski Juniorow - I Liga Juniorow 2019"]
[Site "Ustron"]
[Date "1899-12-30"]
[Round "8.29"]
[White "Hryn, Aleksandra"]
[Black "Waligora, Julia"]
[Result "0-1"]
[WhiteTitle "I+"]
[BlackTitle "I"]
[WhiteElo "1611"]
[BlackElo "1558"]

1. e4 e6 2. d4 d5 3. Nd2 Nf6 4. e5 Nfd7 5. Bd3 c5 6. c3 Nc6 7. Ne2 cxd4 8. cxd4
f6 9. exf6 Nxf6 10. Nf3 Bd6 11. Nc3 O-O 12. O-O a6 13. a3 Bd7 14. Bc2 Qe8 15.
Re1 Qh5 16. h3 Rae8 17. Bg5 Ne7 18. Qd2 h6 19. Bxf6 Rxf6 20. Ne5 Bxe5 21. dxe5
Rf7 22. Bd1 Qg6 23. Ne2 Ref8 24. Ng3 Qg5 25. Qxg5 hxg5 26. f3 Ng6 27. Nh5 Rc8
28. Bb3 Rf5 29. Re2 Rxe5 30. Rae1 Rxe2 31. Rxe2 Nf4 32. Nxf4 gxf4 33. Kf2 Kf7
34. Rd2 Kf6 35. a4 Bc6 36. Ke2 Rd8 37. Rd4 e5 38. Rb4 g5 39. Bc2 Re8 40. b3 Re7
41. Rb6 a5 42. Bd3 Re6 43. Bb5 e4 44. Bxc6 Rxc6 45. Rxb7 Rc2+ 46. Kf1 Rc5 47.
fxe4 dxe4 48. Ke2 Ke5 49. Kd2 Kd4 50. Rd7+ Rd5 51. Rc7 e3+ 52. Ke2 Rc5 53. Rd7+
Kc3 54. Rd3+ Kb4 55. h4 Rc2+ 56. Kf3 Rf2+ 57. Kg4 Rxg2+ 58. Kf3 Rf2+ 59. Kg4 gxh4
0-1

[Event "Druzynowe Mistrzostwa Polski Juniorow - I Liga Juniorow 2019"]
[Site "Ustron"]
[Date "1899-12-30"]
[Round "9.1"]
[White "Krych, Dominik"]
[Black "Fus, Jakub"]
[Result "0-1"]
[WhiteTitle "III"]
[BlackTitle "FM"]
[WhiteElo "1472"]
[BlackElo "2341"]

1. d4 Nf6 2. Bf4 b6 3. c4 e6 4. Nc3 Bb4 5. Qc2 Bb7 6. Nf3 O-O 7. e3 Ne4 8. Bd3
f5 9. O-O Bxc3 10. bxc3 d6 11. Nd2 Nxd2 12. Qxd2 Qf6 13. f3 e5 14. Bg3 Nd7 15.
Bf2 Qg5 16. d5 Rae8 17. Rae1 a5 18. Bc2 Nc5 19. Kh1 Ba6 20. Qe2 e4 21. Rd1 Qh5
22. Rd4 Bc8 23. Qd1 Bd7 24. fxe4 Qxd1 25. Rdxd1 fxe4 26. h3 Ba4 27. Bxa4 Nxa4
28. Bg3 Nxc3 29. Rde1 Nxa2 30. Rf4 Rxf4 31. exf4 Nb4 32. Re3 a4 33. Bf2 Nd3 0-1

[Event "Druzynowe Mistrzostwa Polski Juniorow - I Liga Juniorow 2019"]
[Site "Ustron"]
[Date "1899-12-30"]
[Round "9.2"]
[White "Baum, Jonasz"]
[Black "Leskiewicz, Ignacy"]
[Result "1/2-1/2"]
[WhiteTitle "FM"]
[BlackTitle "k"]
[WhiteElo "2295"]
[BlackElo "2120"]

1. d4 Nf6 2. c4 g6 3. Nf3 Bg7 4. g3 O-O 5. Bg2 d6 6. O-O Nc6 7. Nc3 a6 8. Qc2 Rb8
9. Rd1 Na5 10. c5 Nd7 11. e4 b6 12. cxd6 cxd6 13. e5 dxe5 14. dxe5 Qc7 15. Qe2
Nxe5 16. Nd5 Nxf3+ 17. Bxf3 Qe5 18. Nxe7+ Kh8 19. Qxe5 Bxe5 20. Bh6 Re8 21. Re1
Rxe7 22. Bg5 Re6 23. Rxe5 Nc4 24. Rxe6 Bxe6 25. b3 Na3 26. Bf6+ Kg8 27. Rc1 a5
28. Bc6 b5 29. Rd1 a4 30. bxa4 bxa4 31. Kg2 Rc8 32. Rd3 Bf5 33. Rxa3 1/2-1/2

[Event "Druzynowe Mistrzostwa Polski Juniorow - I Liga Juniorow 2019"]
[Site "Ustron"]
[Date "1899-12-30"]
[Round "9.3"]
[White "Klimkowski, Jan"]
[Black "Janeczko, Jakub"]
[Result "1-0"]
[WhiteTitle "I"]
[BlackTitle "I"]
[WhiteElo "1932"]
[BlackElo "1725"]

1. e4 c5 2. Nf3 Nc6 3. d4 cxd4 4. Nxd4 Nf6 5. Nc3 e5 6. Ndb5 d6 7. Nd5 Nxd5 8.
exd5 Ne7 9. c4 Ng6 10. Be2 a6 11. Nc3 Be7 12. O-O O-O 13. b4 b6 14. Be3 f5 15.
f3 Bg5 16. Bf2 Nf4 17. c5 bxc5 18. bxc5 Qa5 19. Nb1 dxc5 20. Bc4 Bd7 21. h4 Bf6
22. Nd2 Rfc8 23. Nb3 Qb4 24. Qc2 Kh8 25. Rab1 Qa3 26. Rfc1 Be7 27. d6 Bd8 28.
Kh2 Ng6 29. Bd5 Rab8 30. Nxc5 Rxb1 31. Rxb1 Nf4 32. Bb7 h6 33. Bxc8 Bxc8 34. Rb8
1-0

[Event "Druzynowe Mistrzostwa Polski Juniorow - I Liga Juniorow 2019"]
[Site "Ustron"]
[Date "1899-12-30"]
[Round "9.4"]
[White "Pancewicz, Szymon"]
[Black "Paprocki, Antoni"]
[Result "1-0"]
[WhiteTitle "I+"]
[BlackTitle "I"]
[WhiteElo "1724"]
[BlackElo "1704"]

1. e4 e5 2. Nf3 Nc6 3. Bc4 Nf6 4. Ng5 d5 5. exd5 Na5 6. Bb5+ Bd7 7. Bxd7+ Qxd7
8. O-O h6 9. Nf3 e4 10. Nd4 Qxd5 11. Nb3 Nc6 12. Nc3 Qf5 13. f3 Bc5+ 14. Nxc5
Qxc5+ 15. Kh1 O-O-O 16. fxe4 Rhe8 17. d3 Ne5 18. Rf5 Qb6 19. Qg1 Qa6 20. a4 Kb8
21. b4 Qc6 22. Bb2 Ned7 23. Nb5 b6 24. Nd4 Qd6 25. b5 Kb7 26. Ba3 Nc5 27. Nc6
Ng4 28. d4 Rxe4 29. Nxd8+ Qxd8 30. dxc5 Qh4 31. c6+ Kb8 32. Rxf7 a6 33. Raf1 Nf6
34. Be7 Re6 35. Bxf6 gxf6 36. a5 Re8 37. axb6 Qh5 38. bxc7+ Kc8 39. Qb6 Qxb5 40.
Qxb5 1-0

[Event "Druzynowe Mistrzostwa Polski Juniorow - I Liga Juniorow 2019"]
[Site "Ustron"]
[Date "1899-12-30"]
[Round "9.5"]
[White "Waligora, Julia"]
[Black "Tarka, Aleksandra"]
[Result "1/2-1/2"]
[WhiteTitle "I"]
[BlackTitle "I++"]
[WhiteElo "1558"]
[BlackElo "1574"]

1. e4 c5 2. Nf3 d6 3. d4 cxd4 4. Nxd4 Nf6 5. Nc3 g6 6. Be3 Bg7 7. f3 O-O 8. Qd2
Nc6 9. O-O-O Nxd4 10. Bxd4 Be6 11. Kb1 Qc7 12. h4 Rfc8 13. h5 Qa5 14. a3 Rab8
15. hxg6 hxg6 16. g4 b5 17. Nd5 Qxd2 18. Rxd2 Nxd5 19. Bxg7 Kxg7 20. exd5 Bd7
21. g5 Rh8 22. Rdh2 Rxh2 23. Rxh2 b4 24. Ka2 a5 25. Rh4 Bb5 26. Bxb5 Rxb5 27.
Rd4 bxa3 28. Kxa3 f6 29. f4 Kf7 30. b3 f5 31. c3 e6 32. dxe6+ Kxe6 33. b4 axb4+
34. cxb4 Rd5 35. Rxd5 Kxd5 36. Ka4 Kc6 37. Ka5 d5 38. Ka6 d4 39. b5+ Kc5 40. b6
d3 41. b7 d2 42. b8=Q d1=Q 43. Qb6+ Kc4 44. Qxg6 Qd5 45. Qb6 Qa8+ 46. Qa7 Qc6+
47. Qb6 Qa8+ 48. Qa7 Qc6+ 49. Qb6 Qa8+ 50. Qa7 Qc6+ 1/2-1/2

[Event "Druzynowe Mistrzostwa Polski Juniorow - I Liga Juniorow 2019"]
[Site "Ustron"]
[Date "1899-12-30"]
[Round "9.7"]
[White "Lis, Mateusz"]
[Black "Fiedorek, Michal"]
[Result "1/2-1/2"]
[WhiteTitle "k"]
[BlackTitle "k"]
[WhiteElo "2032"]
[BlackElo "2158"]

1. d4 Nf6 2. c4 e6 3. Nc3 d5 4. Nf3 c5 5. Bg5 cxd4 6. Nxd4 Be7 7. e3 O-O 8. cxd5
Nxd5 9. Bxe7 Nxe7 10. Be2 Nbc6 11. Nxc6 Nxc6 12. O-O Qe7 13. Bf3 Bd7 14. Qe2 Rfd8
15. Rfd1 Be8 16. h3 Ne5 17. Be4 Bc6 18. Bxh7+ Kxh7 19. Qh5+ Kg8 20. Qxe5 Qb4 21.
Ne2 Rd2 22. Rxd2 Qxd2 23. Ng3 Qc2 24. Nh5 Qg6 25. Nf4 Qc2 26. Nh5 Qg6 27. Nf4
Qc2 28. b4 b6 29. Nh5 Qg6 30. Nf4 Qc2 31. Qg5 Be4 32. Qe5 Bb7 33. Nh5 Qg6 34.
Nf4 Qc2 35. a4 Rd8 36. a5 bxa5 37. Qxa5 Rd2 38. Qxa7 Be4 39. Qa5 Qb2 40. Rf1 e5
41. Nh5 Kh7 42. Qc7 Bg6 43. Ng3 Bd3 44. Qxf7 Bxf1 45. Ne4 Be2 46. Nf6+ Kh6 47.
Ng8+ Kh7 48. Nf6+ Kh6 1/2-1/2

[Event "Druzynowe Mistrzostwa Polski Juniorow - I Liga Juniorow 2019"]
[Site "Ustron"]
[Date "1899-12-30"]
[Round "9.8"]
[White "Hryn, Zofia"]
[Black "Bachor, Tomasz"]
[Result "1/2-1/2"]
[WhiteTitle "I++"]
[BlackTitle "I+"]
[WhiteElo "1622"]
[BlackElo "2038"]

1. e4 c5 2. Nf3 g6 3. d4 cxd4 4. Qxd4 Nf6 5. Nc3 Nc6 6. Qa4 d6 7. e5 dxe5 8. Nxe5
Bg7 9. Nxc6 bxc6 10. Qxc6+ Bd7 11. Qc5 O-O 12. Be2 Bf5 13. O-O Nd7 14. Qa3 Bxc2
15. Bf3 Rc8 16. Qxa7 Ne5 17. Be2 Nc6 18. Qe3 Nd4 19. Re1 f5 20. Bd3 f4 21. Qe4
Bxd3 22. Qxd3 f3 23. Qe4 Rc4 24. Qxe7 Ne2+ 25. Rxe2 fxe2 26. Qxe2 Qc8 27. Be3
Qe6 28. Rd1 Bxc3 29. Rd6 Qe4 30. bxc3 Rxc3 31. Rd4 Rc1+ 32. Rd1 Rc2 33. Qb5 Qe6
34. Qb3 Qxb3 35. axb3 Rb8 36. Rb1 Kf7 37. b4 Rb5 38. g3 Ke6 39. Re1 Kf5 40. Bc5
h5 41. h4 Rb7 42. Re3 Kf6 43. Rf3+ Kg7 44. Bd4+ Kg8 45. Bc5 Kg7 46. Ra3 Kf6 47.
Kg2 Rc4 48. Kf3 Kf7 49. Re3 Rcxb4 50. Bxb4 Rxb4 51. Re4 Rb2 52. Rf4+ Ke6 53. Ra4
Kf6 54. Ra6+ Kf5 55. Ra5+ Kf6 56. Ra3 Kf5 57. Rc3 Ra2 58. Rc5+ Kf6 59. Rc6+ Kf5
60. Rc3 Kf6 61. Rb3 Kf5 62. Rb5+ Kf6 63. Rb6+ Kf5 64. Rb5+ Kf6 65. Rb4 Kf5 66.
Rf4+ Ke6 67. Re4+ Ke5 1/2-1/2